|
|
|
|
| LEADER |
00000naa2a2200000 4500 |
| 001 |
243505 |
| 005 |
20251218113119.0 |
| 035 |
|
|
|a (RuTPU)RU\TPU\book\264849
|
| 035 |
|
|
|a RU\TPU\book\264847
|
| 090 |
|
|
|a 243505
|
| 100 |
|
|
|a 20130930d2013 k y0rusy50 ca
|
| 101 |
0 |
|
|a rus
|
| 102 |
|
|
|a RU
|
| 135 |
|
|
|a drnn ---uucaa
|
| 181 |
|
0 |
|a i
|
| 182 |
|
0 |
|a b
|
| 200 |
1 |
|
|a Формирование родительской популяции при решении задачи построения расписания в вузе при помощи генетического алгоритма
|f П. Н. Леонтьев
|g науч. рук. О. Н. Вылегжанин
|
| 203 |
|
|
|a Текст
|c электронный
|
| 225 |
1 |
|
|a Информатика и управление в технических системах
|
| 300 |
|
|
|a Заглавие с титульного экрана
|
| 320 |
|
|
|a [Библиогр.: с. 279 (4 назв.)]
|
| 337 |
|
|
|a Adobe Reader
|
| 461 |
|
1 |
|0 (RuTPU)RU\TPU\book\263794
|t Современные техника и технологии
|o сборник трудов XIX международной научно-практической конференции студентов, аспирантов и молодых ученых, Томск, 15-19 апреля 2013 г.
|o в 3 т.
|f Национальный исследовательский Томский политехнический университет (ТПУ)
|d 2013
|
| 463 |
|
1 |
|0 (RuTPU)RU\TPU\book\263797
|t Т. 2
|v [С. 278-279]
|d 2013
|
| 610 |
1 |
|
|a труды учёных ТПУ
|
| 610 |
1 |
|
|a электронный ресурс
|
| 610 |
1 |
|
|a родительский контроль
|
| 610 |
1 |
|
|a построение
|
| 610 |
1 |
|
|a расписание
|
| 610 |
1 |
|
|a вузы
|
| 610 |
1 |
|
|a генетические алгоритмы
|
| 700 |
|
1 |
|a Леонтьев
|b П. Н.
|
| 702 |
|
1 |
|a Вылегжанин
|b О. Н.
|c специалист в области информатики и вычислительной техники
|c доцент Томского политехнического университета, кандидат химических наук
|f 1943-
|g Олег Николаевич
|3 (RuTPU)RU\TPU\pers\25385
|4 727
|
| 712 |
0 |
2 |
|a Национальный исследовательский Томский политехнический университет (ТПУ)
|b Институт кибернетики (ИК)
|b Кафедра прикладной математики (ПМ)
|3 (RuTPU)RU\TPU\col\18700
|
| 801 |
|
2 |
|a RU
|b 63413507
|c 20130930
|g RCR
|
| 856 |
4 |
|
|u http://www.lib.tpu.ru/fulltext/c/2013/C01/V2/136.pdf
|
| 942 |
|
|
|c CF
|